01737nam a2200205Ia 450000500170000000800410001704000440005804100080010208200160011010000320012624500600015826001520021830000360037050003800040650505420078650600210132865000520134965100650140165100650146620170801113645.0130821s1908 fr fr 1 spa d aCo-BoUCMbspacSandra YazodSandra Yazo0 aspa04a320.9862201 aHolguín, Jorged1848-192810aDesde cercab(Asuntos colombianos)cPor Jorge Holguín aParís (Francia)bLibrairie Générale et Internationale. G. Ficker [Librería general e internacional de G. Ficker]bImp. de J. Dumoulinc1908 axiii, 324 páginasc23 x 14 cm aDetalles físicos: Encuadernación rígida en cartón forrado en tela encolada. Adornos en dorado sobre el lomo y la tapa delantera, además con recuadro repujado. Guardas. Hoja de cortesía. Anteportada. Portada impresa en una sola tinta. Texto impreso en una columna, con varios tamaños de letra. Algunas notas al pie de página. Al final una tabla. Papel manchado0 aRepúblicas pobres y repúblicas ricas ; Los Estadistas colombianos ; Origen de la deuda exterior ; Resultados del 23 de Mayo ; Primer banco que se estableció en Bogotá ; La verdad en la deuda ; 1874 a 1879 ; 1905 ; Panamá y los Bondholders ; La Pizarra ; La doctrina de los poderosos ; El Convenio de 1905 ; Deuda exterior consolidada de Colombia ; Cargos y descargos ; Cuentas tristes ; El general Reyes ; La asamblea nacional ; Contradicciones y comprobaciones ; Pleitos en París ; Terminación de los pleitos ; Apéndices aConsulta en sala 7aFinanzaszColombiavEnsayos, conferencias, etc. 4aColombiaxAspectos económicosvEnsayos, conferencias, etc. 4aColombiaxPolítica y gobiernovEnsayos, conferencias, etc.